Délmagyarország. - 1972. március 28., Kedd

Elmentve itt :
Bibliográfiai részletek
Dokumentumtípus: Újság
Megjelent: 1972-03-28
Sorozat:Délmagyarország 62 No. 74
Online Access:http://dmarchiv.bibl.u-szeged.hu/18626
LEADER 00486nas a2200145 i 4500
001 delm18626
005 20200415081148.0
008 171215s1972 hu n o 0|| hun d
022 |a 0133-025X 
040 |a SZTE Délmagyarország Archívum  |b hun 
041 |a hun 
245 0 0 |a Délmagyarország. - 1972. március 28., Kedd  |h [elektronikus dokumentum] 
260 |c 1972-03-28 
490 0 |a Délmagyarország  |v 62 No. 74 
856 4 0 |u http://dmarchiv.bibl.u-szeged.hu/18626/1/dm_1972_074.pdf  |z Dokumentum-elérés